00850nam a2200241Ia 450000500170000000800390001702000180005610000180007424500750009225000220016726400300018930000630021933600270028233700330030933800280034265000410037065000410041165000350045265000410048770000340052804000350056208400110059720220317000307.0141031s2008 sp a0 0gspa d0j s spa a97884963888571 aFarias, Marta13aEl viaje del bisabuelocMarta Farías ; ilustraciones Aitana Carrasco aPrimera edición aSevillabKalandrakac2008 a[33] páginas sin enumerarbilustraciones a colorc29 cm. atextobtxt2rdacontent asin mediaciónbn2rdamedia avolumenbnc2rdacarrier142LEMBaCuentos infantiles españoles142LEMBaLiteratura infantil española142LEMBaViajesvCuento infantil 142LEBMaLibros ilustrados para niños1 aCarrasco, Aitanaeilustradora aCO-BoRNBPbspaerdacCO-BoRNBP aC FAR5